000 00926nam a2200313 a 4500
003 AR-BaBNM
005 20251128202727.0
008 082120s2002 ||||||||||||||000 | spa||
020 _a950-40-0091-6
040 _cAR-BaBNM
245 0 0 _aSobre Walter Benjamin
_bvanguardias, historia, estética y literatura : una visión latinoamericana
260 _aBuenos Aires
_bAlianza Editorial
_bGoethe Institut
_c1993
300 _a275 p.
490 0 _aAlianza Estudio
_vv. 17
600 1 4 _aBorges, Jorge Luis
650 4 _aCRITICA LITERARIA
650 4 _aHISTORIA
650 4 _aLITERATURA LATINOAMERICANA
650 4 _aAUTORES
653 _aVANGUARDIAS LITERARIAS
653 _aSURREALISMO
655 _aLITERATURA
700 1 _aCasullo, Nicolás
_eprologuista
700 1 _aMerkel, Ulrich
_eprologuista
700 1 _aMassuh, Gabriela
_eeditor
700 1 _aFehrmann, Silvia
_eeditor
942 _cBK
998 _cisola
999 _c278
_d278